Visualizzazione normale
Vista MARC
- Linage Conde, Antonio,
di Personal Name
Records bibliografici associati: 13
001 - CONTROL NUMBER
- control field: 14783
003 - CONTROL NUMBER IDENTIFIER
- control field: IT-RoINE
005 - DATE AND TIME OF LATEST TRANSACTION
- control field: 20141126105206.0
008 - FIXED-LENGTH DATA ELEMENTS
- fixed length control field: 141126|| aca||aabn | a|a d
040 ## - CATALOGING SOURCE
- Original cataloging agency: IT-RoINE
- Transcribing agency: IT-RoINE
100 ## - HEADING--PERSONAL NAME
- Personal name: Linage Conde, Antonio,
- Dates associated with a name: 1931-
670 ## - SOURCE DATA FOUND
- Source citation: Work cat.: (IT-RoINE)0: Linage Conde, Antonio, 1931-, Alfonso VI, el rey hispano y europeo de las tres religiones (1065-1109) /, 1994